The industrialization of intelligence : Mind and machine in the modern age

Αποθηκεύτηκε σε:
Λεπτομέρειες βιβλιογραφικής εγγραφής
Κύριος συγγραφέας: Kennedy, Noah
Μορφή: Βιβλίο
Γλώσσα:Undetermined
Έκδοση: London Unwin 1989
Θέματα:
Ετικέτες: Προσθήκη ετικέτας
Δεν υπάρχουν, Καταχωρήστε ετικέτα πρώτοι!
Thư viện lưu trữ: Trung tâm Học liệu Trường Đại học Cần Thơ
LEADER 00557nam a2200193Ia 4500
001 CTU_86933
008 210402s9999 xx 000 0 und d
082 |a 006.3 
082 |b K35 
100 |a Kennedy, Noah 
245 4 |a The industrialization of intelligence : 
245 0 |b Mind and machine in the modern age 
245 0 |c Noah kennedy 
260 |a London 
260 |b Unwin 
260 |c 1989 
650 |a Computers and civilization,Artificial intelligence,Automation 
904 |i Truc 
980 |a Trung tâm Học liệu Trường Đại học Cần Thơ